00309nam a2200133Ia 4500003000400000005001700004008004100021020001800062040001700080100001600097245003100113260002200144260000900166OSt20240315142610.0170524s9999 xx 000 0 und d a9781259004636 ciimtu meerut aKHAN- JAIN 0aBasic Financial Management bN. Delhi : T.M.H. c2003